| 000 | 00680cab a2200217 4500 | ||
|---|---|---|---|
| 001 | WB2924-32 | ||
| 008 | 090401t1993 xxu||||| |||| 00| 0 eng d | ||
| 035 | _a(Sirsi) u59066 | ||
| 041 | _aeng | ||
| 245 | _aMortgage arrears leap | ||
| 260 | _c1993 | ||
| 350 | _a0 | ||
| 490 |
_aFinancial Times _v21 June 1993, 6(1) |
||
| 520 | _aThe number of homeowners in the UK more than six months in arrears with their mortgage payments has risen by a quarter, according to a survey of lenders for "Roof" magazine. | ||
| 650 | _aLOUGHBOROUGH UNIVERSITY | ||
| 650 | _aMORTGAGE ARREARS | ||
| 650 | _aREPOSSESSIONS | ||
| 690 | _aHOUSING-FINANCE | ||
| 942 | _n0 | ||
| 948 | _c04/03/1997 | ||
| 999 |
_c36177 _d36177 |
||